Australian Prime Minister Knowledge Quiz - Statistics

General Stats
  • This quiz has been taken 74 times
  • The average score is 7 of 9
Answer Stats
Fact Name % Correct
The only woman Prime Minister Julia Eileen Gillard
93%
Was the first Prime Minister of Australia Sir Edmund Barton
91%
------ Deakin Alfred
87%
The Prime Minister that was dismissed by John Kerr Edward Gough Whitlam
84%
Current Prime Minister as of 2016 Malcolm Bligh Turnbull
81%
First Liberal Prime Minister (Not Commonwealth Liberal) Sir Robert Gordon Menzies
75%
Shortest governing Prime Minister Francis Michael Forde
52%
The only Prime Minister from the Free Trade Party Sir George Houston Reid
49%
Prime Minister that changed party while in government William Morris Hughes
45%
No matching quizzes found
Score Distribution
Percent of People with Each Score
Percentile by Number Answered
Your Score History
You have not taken this quiz